Statistics for Pub Quiz Round 2 - One Hit Wonders

Click here to take the quiz!

General Stats

  • This quiz has been taken 897 times
  • The average score is 6 of 20

Answer Stats

Song NameArtist% Correct
20Take On MeA-Ha
81%
4Achy Breaky HeartBilly Ray Cyrus
68%
1Tainted LoveSoft Cell
65%
1399 Red BalloonsNena
56%
12I'm Too SexyRight Said Fred
55%
2Mambo No.5Lou Bega
43%
16Who Let the Dogs Out?Baha Men
30%
5MickeyToni Basil
26%
7TubthumpingChumbawamba
25%
17The Safety DanceMen Without Hats
23%
14Kung Fu FightingCarl Douglas
22%
10Pass the DutchieMusical Youth
21%
11MacarenaLos Del Rio
19%
15Spirit in the SkyNorman Greenbaum
18%
3VenusShocking Blue
9%
19Rico SuaveGerardo
4%
8Counting the BeatThe Swingers
4%
9Rockin' RobinBobby Day
3%
18Two Pints of Lager and a Packet of Crisps PleaseSplodgenessabounds
3%
6I'll Be GoneSpectrum
1%

Score Distribution

Percentile by Number Answered

Percent of People with Each Score

Your Score History

You have not taken this quiz